Sunrise Avenue - Fairytale Gone Bad Lyrics - Statistics

General Stats
  • This quiz has been taken 2 times
  • The average score is 31 of 64
Answer Stats
Lyrics % Correct
and {shout}
100%
and {tears}
100%
but {fight}
100%
I can't be {your man}
100%
I can't {stand}
100%
I've had it to {the limit}
100%
{Lady},
100%
Out of {my life},
100%
out of {my mind}
100%
the {plans}
100%
This is {the end},
100%
we ain't {nothing}
100%
we can't {deny}
100%
We got to {a point}
100%
we {had}
100%
went {all wrong}
100%
you {know}
100%
all {our pride}
50%
And {leave}
50%
a {need}
50%
away {from walking}
50%
gone {bad}
50%
I ain't {more}
50%
I {slowly realize}
50%
it's {me}
50%
on {our side}
50%
out of {my bed}
50%
Out of {my head},
50%
Out of the {dreams}
50%
Out of {the tears},
50%
Tell {them}
50%
Tell {them}
50%
than {a minute}
50%
the {fairytale}
50%
the {pain away}
50%
there's {nothing}
50%
this {mess behind}
50%
to {stay}
50%
We can't {cry}
50%
We can't {find}
50%
we had, they're {bad}
50%
We need {to swallow}
50%
who {made}
50%
you {sad}
50%
and I {bleed}
0%
and so {did we}
0%
Another {night}
0%
But we did {something}
0%
don't {look back},
0%
Find a {new one}
0%
in my {hat}
0%
it's the {end}
0%
I won't {follow}
0%
{Leave} and
0%
of our {time}
0%
There's no {more rabbits}
0%
They all {make mistakes}
0%
to {fool}
0%
to make {things right}
0%
turn {back right}
0%
we can {never}
0%
We can't cry {the pain away}
0%
We can't find a {need to stay}
0%
We have {nothing left},
0%
No matching quizzes found
Score Distribution
Percent of People with Each Score
Percentile by Number Answered
Your Score History
You have not taken this quiz